00645nam a2200229 a 4500001001300000003000900013005001700022008004100039020001000080082001500090100002700105245002100132260003500153300000900188500003500197505001300232650002500245902000800270942000700278952011500285999001500400nice12345678IN_TiNIC20260116011450.0050524s1911 cala grp 000 0 per  ac10000a297.5bDIW aDiwani, Mohd Bin Asaad aAkhlaaq-I-Jalali aCalcutta bNo Publisher c1911 a168p aincludes index and biblioraphy2 aarchives aIslam-Moral Theology bSRS cBK 001040708StackRoom-aHMIbHMId2007-07-03g100.00l0o297.5 DIWp01611r2007-07-03v100.00w2005-05-24yBK c1788d1788